000 00614nam a2200205Ia 4500
003 IN-BaIIA
008 211028s9999 xx 000 0 eng d
020 _a0-444-51148-2
040 _cIIA Library
080 _a047.1:535
_bPRO-44
245 0 _aProgress in optics
_bvol. 44
_cedited by E. Wolf
260 _aAmsterdam
_bElsevier
_c2002
300 _axii, 403p.
650 _aAstronomical optics
_92030
650 _aAstronomy and astrophysics Thesaurus
650 _aOptical properties
_93730
650 _aOptics
700 _aWolf, E., ed.
_93849
942 _cBK
999 _c16719
_d16719